Frank Lloyd Wright

Gespeichert in:
Bibliographische Detailangaben
1. Verfasser: Pfeiffer, Bruce Brooks (Verfasst von)
Format: Buch
Sprache:Englisch
Veröffentlicht: Koln : Taschen, 1991
Ausgabe:1. vyd.
Schlagworte:
Tags: Tag hinzufügen
Keine Tags, Fügen Sie das erste Tag hinzu!

MARC

LEADER 00000nam a22000003a 4500
001 stu11210
005 20150617225802.0
008 950308s1991----gw------------------eng-d
020 |a 382289754X 
040 |a STU  |b slo 
041 0 |a eng 
044 |a gw 
100 1 |a Pfeiffer, Bruce Brooks  |4 aut 
245 1 |a Frank Lloyd Wright 
250 |a 1. vyd. 
260 |a Koln :  |b Taschen,  |c 1991 
300 |a 175 s 
650 7 |a architekti americkí  |2 stusub 
996 |b 284AU00779  |c A*1861 U  |l AAKNAR  |s A  |a 24  |w stu11210_0001